Su único hijo /

محفوظ في:
التفاصيل البيبلوغرافية
المؤلف الرئيسي: Alas, Leopoldo (autor)
التنسيق: كتاب
اللغة:الإسبانية
منشور في: Barcelona, España : Bruguera, 1982, c1982
سلاسل:(Libro Amigo ; 954)
الموضوعات:
الوسوم: إضافة وسم
لا توجد وسوم, كن أول من يضع وسما على هذه التسجيلة!

MARC

LEADER 00000nam^a2200000^a^4500
001 000184826
005 20250521000000.0
009 20260310102130.248
020 |a 84-02-09056-7 
037 |a Acervo ITESO - Biblioteca 
041 |a ESP 
082 |a 863.  |b ALA 
100 |a Alas, Leopoldo  |e (autor) 
240 1 1 |a [Su único hijo] 
245 1 0 |a Su único hijo /  |c L. Alas (Clarín). 
264 4 |a Barcelona, España :  |b Bruguera,  |c 1982, c1982 
300 |a 284 p. 
336 |a texto  |b txt  |2 rdacontenido 
337 |a sin mediación  |b n  |2 rdamedio 
338 |a volumen  |b nc  |2 rdasoporte 
440 1 |a (Libro Amigo ;  |v 954) 
649 |a XX 
650 |a Novela Española 
650 |a Realismo en la Literatura -  |z España 
650 |a Literatura Española -  |y Siglo XIX 
910 |a Fondo General 
920 |a Impresos - Libros 
930 |a Colección General 
940 |a Literatura 
905 |a 101 
901 |a 0500125971  |b IT1  |c LIT  |u 20250521 
902 |a https://opac.biblio.iteso.mx/vufind/Record/000184826